Teoretické a praktické aspekty poplatku za komunálne odpady a drobné stavebné odpady

Platnosť zákona č. 582/2004 Z. z. o miestnych daniach a miestnom poplatku za komunálne odpady a drobné stavebné odpady v znení neskorších predpisov. Charakteristika komunálneho odpadu a drobného stavebného odpadu. Výnimka z platenia poplatku niekoľkokrát v tej istej obci. Kto nie je poplatníkom. Ruč...

Full description

Saved in:
Bibliographic Details
Main Author: Neupauerová, Zuzana
Format: Book Chapter
Language:Slovak
Subjects:
Tags: Add Tag
No Tags, Be the first to tag this record!

MARC

LEADER 00000naa a2200000 4500
001 0174155
005 20240502072953.2
041 0 |a slo 
044 |a SK 
245 1 0 |a Teoretické a praktické aspekty poplatku za komunálne odpady a drobné stavebné odpady  |c Zuzana Neupauerová 
520 |a Platnosť zákona č. 582/2004 Z. z. o miestnych daniach a miestnom poplatku za komunálne odpady a drobné stavebné odpady v znení neskorších predpisov. Charakteristika komunálneho odpadu a drobného stavebného odpadu. Výnimka z platenia poplatku niekoľkokrát v tej istej obci. Kto nie je poplatníkom. Ručiteľ poplatku. 
610 2 0 |a odpad komunálny 
610 2 0 |a poplatky 
610 2 0 |a osoby fyzické 
610 2 0 |a osoby právnické 
610 2 0 |a podnikatelia 
610 2 0 |a legislatíva 
100 1 |a Neupauerová, Zuzana